[Event "Plunge op-A 43rd"]
[Site "Plateliai"]
[Date "2024.07.18"]
[Round "6"]
[White "Ovcinikova, Auguste"]
[Black "Griksaite, Egle"]
[Result "1-0"]
[WhiteElo "1629"]
[BlackElo "1690"]
[PlyCount "125"]
[EventDate "2024.07.15"]
[EventType "swiss"]
[EventRounds "9"]
[EventCountry "LTU"]
[SourceTitle "CB30_2024"]
[SourceDate "2024.07.24"]
[SourceVersion "1"]
[SourceVersionDate "2024.07.24"]
[SourceQuality "1"]

1. b4 d5 2. Nf3 Nf6 3. Bb2 Bg4 4. e3 Nbd7 5. d4 e6 6. a3 a5 7. b5 a4 8. c4 dxc4 9. Bxc4 Nb6 10. Bd3 Be7 11. Nbd2 0-0 12. Qc2 Bh5 13. Ne5 Bg6 14. Nxg6 fxg6 15. Nf3 Rc8 16. Ne5 Bd6 17. Nc4 Ng4 18. f3 Qh4+ 19. Kd2 Qf2+ 20. Be2 Nxc4+ 21. Qxc4 Qxe3+ 22. Kc2 Nf6 23. Bc1 Qf2 24. g3 Kh8 25. Kd3 e5 26. Be3 Qg2 27. Rag1 Qh3 28. dxe5 Qf5+ 29. Kd2 Bxe5 30. Ke1 Bd6 31. g4 Qd7 32. Kf2 Rce8 33. Bd3 Re7 34. h3 Rfe8 35. Bd4 Bf4 36. Rd1 Nd5 37. Be4 c6 38. Qxa4 Qc7 39. h4 Bg3+ 40. Kg2 Be5 41. Rc1 Bxd4 42. Qxd4 Rd8 43. Bxd5 Rxd5 44. Qxd5 cxd5 45. Rxc7 Rxc7 46. Rd1 Rd7 47. Kg3 Kg8 48. Kf4 Kf7 49. Ke5 Re7+ 50. Kd6 Re3 51. Kxd5 Rxa3 52. f4 Rc3 53. Rd4 Ke7 54. Ra4 b6 55. Ra7+ Kf6 56. Kd6 Rc5 57. Ra8 g5 58. hxg5+ Kg6 59. Rg8 Kf7 60. Rb8 Rxb5 61. f5 h6 62. Rb7+ Kg8 63. g6 1-0

[Event "Plunge op-A 43rd"]
[Site "Plateliai"]
[Date "2024.07.17"]
[Round "4"]
[White "Ovcinikova, Auguste"]
[Black "Ziura, Arvydas"]
[Result "1-0"]
[WhiteElo "1629"]
[BlackElo "1592"]
[PlyCount "51"]
[EventDate "2024.07.15"]
[EventType "swiss"]
[EventRounds "9"]
[EventCountry "LTU"]
[SourceTitle "CB30_2024"]
[SourceDate "2024.07.24"]
[SourceVersion "1"]
[SourceVersionDate "2024.07.24"]
[SourceQuality "1"]

1. Nf3 d5 2. b4 e6 3. Bb2 Nf6 4. a3 Bd6 5. e3 Qe7 6. c4 c6 7. d4 Nbd7 8. Nbd2 e5 9. cxd5 cxd5 10. Nb3 b6 11. Bb5 Bxb4+ 12. Kf1 Bd6 13. dxe5 0-0 14. exd6 Qxd6 15. Rc1 Bb7 16. Nbd4 Nc5 17. Nf5 Qd8 18. Be5 a6 19. Be2 Bc8 20. N3d4 Re8 21. Nc6 Qd7 22. Bxf6 gxf6 23. Ncd4 Ne6 24. Bd3 Kf8 25. Qh5 Nxd4 26. Qh6+ 1-0

[Event "Plunge op-A 43rd"]
[Site "Plateliai"]
[Date "2024.07.16"]
[Round "2"]
[White "Ovcinikova, Auguste"]
[Black "Kuvsinov, Anatolij"]
[Result "1-0"]
[WhiteElo "1629"]
[BlackElo "1662"]
[PlyCount "117"]
[EventDate "2024.07.15"]
[EventType "swiss"]
[EventRounds "9"]
[EventCountry "LTU"]
[SourceTitle "CB30_2024"]
[SourceDate "2024.07.24"]
[SourceVersion "1"]
[SourceVersionDate "2024.07.24"]
[SourceQuality "1"]

1. d4 Nf6 2. Nf3 g6 3. e3 Bg7 4. c4 c6 5. Nc3 d5 6. b3 0-0 7. Be2 Nbd7 8. Bb2 Re8 9. Rc1 a6 10. 0-0 b5 11. a3 e5 12. cxd5 Nxd5 13. Nxd5 cxd5 14. dxe5 Nxe5 15. Nxe5 Bxe5 16. Bxe5 Rxe5 17. Bf3 Bf5 18. Qd4 Qe7 19. Rc5 Be4 20. Bxe4 Rxe4 21. Qxd5 Rd8 22. Qc6 Re6 23. Qc7 Rd7 24. Qb8+ Rd8 25. Rc8 Red6 26. b4 Kg7 27. Rxd8 Qxd8 28. Qxd8 Rxd8 29. Ra1 Kf6 30. Kf1 Rd2 31. Rc1 Ra2 32. Rc6+ Ke5 33. Rxa6 Kd5 34. Ra7 Kc4 35. g3 f5 36. Kg2 Kb3 37. Ra5 Kc4 38. Kf3 g5 39. h3 h5 40. g4 fxg4+ 41. hxg4 h4 42. Ra7 Kd3 43. Rd7+ Kc3 44. Rd5 h3 45. Rxb5 h2 46. Rc5+ Kb3 47. Rc1 Rxa3 48. b5 Kb2 49. Rh1 Rb3 50. Rxh2 Rxb5 51. Kg3 Kc3 52. Rh8 Kd3 53. Re8 Ra5 54. f4 Ra1 55. Kf3 Rf1+ 56. Kg2 Ke2 57. fxg5 Rf2+ 58. Kg3 Rf3+ 59. Kh4 1-0

[Event "Plateliai Plunge op-B 42nd"]
[Site "Plateliai"]
[Date "2023.07.20"]
[Round "5"]
[White "Vaitiekunas, Motiejus"]
[Black "Ovcinikova, Auguste"]
[Result "1-0"]
[WhiteElo "1178"]
[BlackElo "1202"]
[PlyCount "121"]
[EventDate "2023.07.17"]
[EventType "swiss"]
[EventRounds "9"]
[EventCountry "LTU"]
[SourceTitle "CBM 215 Extra"]
[Source "ChessBase"]
[SourceDate "2023.09.30"]
[SourceVersion "1"]
[SourceVersionDate "2023.09.30"]
[SourceQuality "1"]

1. e4 e5 2. Nf3 d6 3. d4 exd4 4. Nxd4 Nf6 5. Nc3 Nc6 6. Bf4 Be7 7. Be2 0-0 8. 0-0 Kh8 9. Re1 Ng8 10. Nxc6 bxc6 11. h3 f5 12. e5 d5 13. Bd3 Be6 14. Ne2 Bc5 15. c3 Qh4 16. Bg3 Qh6 17. Nf4 g5 18. Nxe6 Qxe6 19. Qh5 Qh6 20. Qxh6 Nxh6 21. b4 Be7 22. f4 c5 23. bxc5 Bxc5+ 24. Kh2 g4 25. Bh4 Kg8 26. Bb5 Rab8 27. Bd7 Kg7 28. e6 Ng8 29. e7 Rfe8 30. Bxe8 Rxe8 31. hxg4 fxg4 32. Re5 Bd6 33. Rg5+ Kf7 34. Rxd5 Bxf4+ 35. g3 Bd6 36. c4 Bxe7 37. Bxe7 Rxe7 38. Rf1+ Ke8 39. Rf2 Re4 40. c5 Ke7 41. Rg5 Nf6 42. Rg7+ Ke6 43. Rxc7 Nd7 44. Rd2 Ne5 45. Kg2 Nf3 46. Rd6+ Kf5 47. Rf7+ Kg5 48. Rxa7 Re2+ 49. Kf1 Rc2 50. c6 Kf5 51. c7 Ke4 52. Re6+ Kd3 53. Ra3+ Kd2 54. Re2+ Kd1 55. Rxc2 Kxc2 56. c8Q+ Kd2 57. Qc3+ Kd1 58. Qd3+ Kc1 59. Rc3+ Kb2 60. Rb3+ Kc1 61. Rb1# 1-0

[Event "Plateliai Plunge op-B 42nd"]
[Site "Plateliai"]
[Date "2023.07.18"]
[Round "3"]
[White "Gedvilaite, Barbora"]
[Black "Ovcinikova, Auguste"]
[Result "1-0"]
[WhiteElo "1374"]
[BlackElo "1202"]
[PlyCount "95"]
[EventDate "2023.07.17"]
[EventType "swiss"]
[EventRounds "9"]
[EventCountry "LTU"]
[SourceTitle "CBM 215 Extra"]
[Source "ChessBase"]
[SourceDate "2023.09.30"]
[SourceVersion "1"]
[SourceVersionDate "2023.09.30"]
[SourceQuality "1"]

1. e4 e5 2. Nf3 d6 3. Nc3 Nf6 4. d4 exd4 5. Nxd4 Nc6 6. Be2 Ne5 7. h3 Be7 8. 0-0 0-0 9. Nf5 Re8 10. f4 Ng6 11. Nxe7+ Rxe7 12. e5 Ne8 13. Nd5 Rd7 14. Bg4 f5 15. exf6 Rf7 16. Bxc8 Rxc8 17. f5 Ne5 18. Ne7+ Rxe7 19. fxe7 Qxe7 20. Qd5+ Kh8 21. Qxb7 Qd7 22. Bg5 h6 23. Bh4 Nf6 24. Bxf6 gxf6 25. Qxa7 Qc6 26. Qe3 Kh7 27. Rac1 Rg8 28. Rf2 Qb7 29. b3 d5 30. Rcf1 h5 31. a4 h4 32. Qf4 Qb6 33. Qxh4+ Kg7 34. Kh1 Rh8 35. Qg3+ Kf7 36. Rf4 Qa6 37. c4 dxc4 38. bxc4 Qxa4 39. c5 Qb5 40. Rc1 Nd3 41. Qg6+ Kf8 42. Qxf6+ Ke8 43. Qxh8+ Kf7 44. Rh4 Nf2+ 45. Kh2 Ng4+ 46. Rxg4 Ke7 47. Re1+ Kd7 48. Qe8# 1-0

[Event "Plateliai Plunge op-B 42nd"]
[Site "Plateliai"]
[Date "2023.07.18"]
[Round "2"]
[White "Ovcinikova, Auguste"]
[Black "Kiseleva, Sofija"]
[Result "1-0"]
[WhiteElo "1202"]
[BlackElo "1053"]
[PlyCount "53"]
[EventDate "2023.07.17"]
[EventType "swiss"]
[EventRounds "9"]
[EventCountry "LTU"]
[SourceTitle "CBM 215 Extra"]
[Source "ChessBase"]
[SourceDate "2023.09.30"]
[SourceVersion "1"]
[SourceVersionDate "2023.09.30"]
[SourceQuality "1"]

1. d4 d5 2. c4 c6 3. Qc2 Nf6 4. Nf3 dxc4 5. e3 Nbd7 6. Bxc4 e6 7. Nc3 Be7 8. 0-0 0-0 9. b3 b6 10. Bb2 Bb7 11. Rfd1 Qc7 12. Rac1 h6 13. h3 Rac8 14. Qe2 Nd5 15. Bxd5 exd5 16. Nxd5 Qd6 17. Nxe7+ Qxe7 18. Qc4 c5 19. Ne1 cxd4 20. Qxd4 Nf6 21. Qa4 Rxc1 22. Rxc1 Nd5 23. Ba3 Qg5 24. Bxf8 Kxf8 25. Qd7 Ba6 26. Qxa7 Be2 27. Rc8+ 1-0

[Event "Plunge op-B 41st"]
[Site "Plateliai"]
[Date "2022.07.24"]
[Round "9"]
[White "Ovcinikova, Auguste"]
[Black "Gudaitis, Elijas"]
[Result "1-0"]
[WhiteElo "1245"]
[BlackElo "1040"]
[PlyCount "91"]
[EventDate "2022.07.18"]
[EventType "swiss"]
[EventRounds "9"]
[EventCountry "LTU"]
[SourceTitle "CBM 209 Extra"]
[Source "ChessBase"]
[SourceDate "2022.09.30"]
[SourceVersion "1"]
[SourceVersionDate "2022.09.30"]
[SourceQuality "1"]

1. d4 d5 2. Bf4 Nf6 3. Nf3 c5 4. e3 Nc6 5. c3 Qb6 6. Qb3 e6 7. Nbd2 Be7 8. Be2 Nh5 9. Bg3 Nxg3 10. hxg3 c4 11. Qc2 g6 12. e4 Bd7 13. Rb1 0-0-0 14. b3 cxb3 15. Rxb3 Qc7 16. Rb1 g5 17. exd5 exd5 18. Rxh7 g4 19. Nh2 Nxd4 20. Qd3 Rxh7 21. Qxh7 Qe5 22. cxd4 Qxd4 23. Qd3 Qh8 24. Nhf1 Be6 25. Qb5 b6 26. Qc6+ Kb8 27. Ne3 Rc8 28. Qb5 Rc5 29. Qd3 Rc3 30. Qb5 Rc5 31. Qa4 d4 32. Nef1 Re5 33. Kd1 Bf5 34. Rc1 d3 35. Bxg4 Bxg4+ 36. Qxg4 Re2 37. Qf4+ Ka8 38. Qf3+ Kb8 39. Qxd3 Rxf2 40. Qe3 Qh5+ 41. Ke1 Rxg2 42. Qxe7 Qf5 43. Qd8+ Kb7 44. Qc7+ Ka6 45. Qc8+ Ka5 46. Qxf5+ 1-0

[Event "Plunge op-B 41st"]
[Site "Plateliai"]
[Date "2022.07.23"]
[Round "8"]
[White "Griksaite, Laura"]
[Black "Ovcinikova, Auguste"]
[Result "0-1"]
[WhiteElo "1067"]
[BlackElo "1245"]
[PlyCount "86"]
[EventDate "2022.07.18"]
[EventType "swiss"]
[EventRounds "9"]
[EventCountry "LTU"]
[SourceTitle "CBM 209 Extra"]
[Source "ChessBase"]
[SourceDate "2022.09.30"]
[SourceVersion "1"]
[SourceVersionDate "2022.09.30"]
[SourceQuality "1"]

1. e4 e5 2. Nf3 Nc6 3. Bc4 Be7 4. Nc3 Nf6 5. d3 d6 6. h3 0-0 7. 0-0 Bd7 8. Be3 h6 9. Qd2 Nh7 10. Nd5 Bg5 11. Bxg5 Nxg5 12. Nxg5 hxg5 13. Bb5 a6 14. Bxc6 bxc6 15. Nc3 g4 16. hxg4 Bxg4 17. Qe3 Qh4 18. Qg3 Qh5 19. f3 Be6 20. Kf2 f6 21. Rh1 Qg5 22. Qxg5 fxg5 23. Ke2 Rf6 24. Rhf1 Raf8 25. Ke3 g4 26. Rad1 gxf3 27. gxf3 Bg4 28. Rg1 Rxf3+ 29. Kd2 Rf2+ 30. Kc1 Bxd1 31. Nxd1 Rf1 32. Rg2 R1f3 33. b3 d5 34. exd5 cxd5 35. Kd2 e4 36. dxe4 dxe4 37. Ke2 a5 38. Rf2 a4 39. bxa4 Ra3 40. Rxf8+ Kxf8 41. Kd2 Rxa4 42. Nc3 Ra3 43. Nxe4 Rxa2 0-1

[Event "Plunge op-B 41st"]
[Site "Plateliai"]
[Date "2022.07.21"]
[Round "5"]
[White "Ovcinikova, Auguste"]
[Black "Kungys, Deivis"]
[Result "1/2-1/2"]
[WhiteElo "1245"]
[BlackElo "1156"]
[PlyCount "106"]
[EventDate "2022.07.18"]
[EventType "swiss"]
[EventRounds "9"]
[EventCountry "LTU"]
[SourceTitle "CBM 209 Extra"]
[Source "ChessBase"]
[SourceDate "2022.09.30"]
[SourceVersion "1"]
[SourceVersionDate "2022.09.30"]
[SourceQuality "1"]

1. d4 e6 2. Bf4 c5 3. e3 b6 4. Nf3 Bb7 5. Nc3 Nf6 6. Be2 d6 7. dxc5 bxc5 8. h3 a6 9. Qd2 Be7 10. 0-0 Nc6 11. Rfd1 d5 12. Na4 Ne4 13. Qe1 c4 14. Nc3 Bb4 15. Rab1 Ra7 16. Ne5 f6 17. Nxc4 Na5 18. f3 Nxc4 19. Bxc4 Qa5 20. fxe4 dxc4 21. a3 Bxc3 22. Qxc3 Qxc3 23. bxc3 0-0 24. Bd6 Rc8 25. e5 Be4 26. Rbc1 Rb7 27. exf6 gxf6 28. Bb4 Rb5 29. Rd4 Bf5 30. g4 e5 31. Rd6 Bg6 32. Rxa6 f5 33. gxf5 Bxf5 34. Kh2 Rd5 35. Rd6 Rxd6 36. Bxd6 Ra8 37. h4 Kf7 38. Bxe5 Rxa3 39. Kg3 Ra2 40. Bd4 Bxc2 41. Rf1+ Ke7 42. Rf2 Bb3 43. Rf5 Bc2 44. e4 Ra6 45. Re5+ Kd7 46. Kf4 Rh6 47. Kg5 Rg6+ 48. Kf4 Rh6 49. Kg5 Rg6+ 50. Kf4 Rh6 51. Rd5+ Ke6 52. Re5+ Kd7 53. Kg5 Rg6+ 1/2-1/2

[Event "Plunge op-B 41st"]
[Site "Plateliai"]
[Date "2022.07.19"]
[Round "3"]
[White "Ovcinikova, Auguste"]
[Black "Gedvilaite, Barbora"]
[Result "0-1"]
[WhiteElo "1245"]
[BlackElo "1446"]
[PlyCount "72"]
[EventDate "2022.07.18"]
[EventType "swiss"]
[EventRounds "9"]
[EventCountry "LTU"]
[SourceTitle "CBM 209 Extra"]
[Source "ChessBase"]
[SourceDate "2022.09.30"]
[SourceVersion "1"]
[SourceVersionDate "2022.09.30"]
[SourceQuality "1"]

1. d4 Nf6 2. Nf3 g6 3. Bf4 Bg7 4. e3 0-0 5. Be2 d6 6. 0-0 Nbd7 7. c4 Qe8 8. Nbd2 e5 9. dxe5 dxe5 10. Bg5 b6 11. Rc1 Bb7 12. Qb3 Nc5 13. Qc2 Nfe4 14. Bh4 f5 15. h3 Kh8 16. b4 Nxd2 17. Nxd2 Ne4 18. Bg3 Nxd2 19. Qxd2 Rd8 20. Qc3 f4 21. Bh2 e4 22. Qa3 f3 23. Bd1 fxg2 24. Kxg2 Qf7 25. Qxa7 Rd2 26. Rc2 Rxd1 27. Qxb7 Qf3+ 28. Kg1 Rxf1+ 29. Kxf1 Qd1+ 30. Kg2 Qxc2 31. Bg3 Qxc4 32. a3 Qc3 33. Bxc7 Be5 34. Bxb6 Qd2 35. Qxe4 Qxf2+ 36. Kh1 Qf1# 0-1